Cittadinanza europea : istruzioni per l'uso /
Saved in:
| Main Author: | |
|---|---|
| Format: | Book |
| Language: | Italian |
| Published: |
Roma :
Laterza,
2014.
|
| Edition: | 1. ed. |
| Series: | Universale (Editori Laterza) ;
943. |
| Subjects: | |
| Tags: |
Add Tag
No Tags, Be the first to tag this record!
|
| LEADER | 00836nam a22002777a 4500 | ||
|---|---|---|---|
| 001 | 014054792-4 | ||
| 005 | 20140612121309.0 | ||
| 008 | 140327s2014 it b 000 0 ita d | ||
| 020 | |a 9788858110997 : |c 13.00 EUR | ||
| 035 | 0 | |a ocn879574377 | |
| 035 | |a (ItFiC)2923893 | ||
| 040 | |a ItFiC |c ItFiC | ||
| 043 | |a e------ | ||
| 050 | 0 | 0 | |a KJE5124 |b .M36 2014 |
| 100 | 1 | |a Margiotta, Costanza. | |
| 245 | 1 | 0 | |a Cittadinanza europea : |b istruzioni per l'uso / |c Costanza Margiotta. |
| 250 | |a 1. ed. | ||
| 260 | |a Roma : |b Laterza, |c 2014. | ||
| 300 | |a xvii, 183 p. ; |c 18 cm. | ||
| 490 | 1 | |a Universale Laterza ; |v 943 | |
| 504 | |a Includes bibliographical references (p. 167-[179]). | ||
| 650 | 0 | |a Citizenship |z European Union countries. | |
| 830 | 0 | |a Universale (Editori Laterza) ; |v 943. | |
| 899 | |a 415_565960 | ||
| 988 | |a 20140516 | ||
| 906 | |0 VEN | ||


